LEADER 02271nam 22006734a 450 001 9910457049803321 005 20200520144314.0 010 $a0-8276-1013-0 035 $a(CKB)2550000000017859 035 $a(OCoLC)698163010 035 $a(CaPaEBR)ebrary10402767 035 $a(SSID)ssj0000470601 035 $a(PQKBManifestationID)11272255 035 $a(PQKBTitleCode)TC0000470601 035 $a(PQKBWorkID)10412250 035 $a(PQKB)11106508 035 $a(MiAaPQ)EBC3039378 035 $a(MdBmJHUP)muse12637 035 $a(Au-PeEL)EBL3039378 035 $a(CaPaEBR)ebr10402767 035 $a(EXLCZ)992550000000017859 100 $a20060214d2006 uy 0 101 0 $aeng 135 $aurcn||||||||| 181 $ctxt 182 $cc 183 $acr 200 14$aThe Jewish book of days$b[electronic resource] $ea companion for all seasons /$fJill Hammer 205 $a1st ed. 210 $aPhiladelphia $cJewish Publication Society$d2006 215 $a1 online resource (449 p.) 300 $aBibliographic Level Mode of Issuance: Monograph 311 $a0-8276-0831-4 320 $aIncludes bibliographical references (p. 432-434) and index. 327 $aThe seed : 1 Tishrei to 14 Cheshvan -- The root : 15 Heshvan to 30 Kislev -- The branch : 1 Tevet to 14 Shevat -- The sap : 15 Shevat to 29 Adar -- The bud : 1 Nisan to 14 Iyar -- The leaf : 15 Iyar to 30 Sivan -- The flower : 1 Tammuz to 14 Av -- The fruit : 15 Av to 29 Elul. 606 $aSpiritual life$xJudaism 606 $aSeasons$xReligious aspects$xJudaism 606 $aNature$xReligious aspects$xJudaism 606 $aJewish calendar 606 $aMidrash 606 $aPresence of God 606 $aDays 608 $aElectronic books. 615 0$aSpiritual life$xJudaism. 615 0$aSeasons$xReligious aspects$xJudaism. 615 0$aNature$xReligious aspects$xJudaism. 615 0$aJewish calendar. 615 0$aMidrash. 615 0$aPresence of God. 615 0$aDays. 676 $a296.7/2 700 $aHammer$b Jill$01056975 801 0$bMiAaPQ 801 1$bMiAaPQ 801 2$bMiAaPQ 906 $aBOOK 912 $a9910457049803321 996 $aThe Jewish book of days$92492867 997 $aUNINA LEADER 02173nas 2200601-a 450 001 996417542403316 005 20240413024950.0 035 $a(CKB)110990112646156 035 $a(CONSER)---93642724- 035 $a(EXLCZ)99110990112646156 100 $a19930525b19932005 --- a 101 0 $aeng 181 $ctxt$2rdacontent 182 $cc$2rdamedia 183 $acr$2rdacarrier 200 00$aUnited States-Mexico law journal 210 $aAlbuquerque, N.M. $cUniversity of New Mexico School of Law$d1993- 215 $a1 online resource 300 $aTitle from cover. 300 $a"Published annually as the symposium issue of the New Mexico law review"--T.p. verso 311 08$aPrint version: United States-Mexico law journal. 1089-8948 (DLC) 93642724 (OCoLC)28159144 517 1 $aU.S.-Mexico law journal 606 $aTariff$xLaw and legislation$zUnited States$vPeriodicals 606 $aFree trade$zUnited States$vPeriodicals 606 $aTariff$xLaw and legislation$zMexico$vPeriodicals 606 $aFree trade$zMexico$vPeriodicals 606 $aFree trade$2fast$3(OCoLC)fst00933944 606 $aTariff$xLaw and legislation$2fast$3(OCoLC)fst01143167 606 $aUnited States of America$2pplt 606 $aMexico$2pplt 606 $aLaw$2pplt 607 $aMexico$2fast$1https://id.oclc.org/worldcat/entity/E39QbtfRkxCrqQ3XXbCkdP63kc 607 $aUnited States$2fast$1https://id.oclc.org/worldcat/entity/E39PBJtxgQXMWqmjMjjwXRHgrq 608 $aPeriodicals.$2fast 608 $aPeriodicals.$2lcgft 615 0$aTariff$xLaw and legislation 615 0$aFree trade 615 0$aTariff$xLaw and legislation 615 0$aFree trade 615 7$aFree trade. 615 7$aTariff$xLaw and legislation. 615 7$aUnited States of America. 615 7$aMexico. 615 7$aLaw. 676 $a343.7305/6 676 $a347.30356 712 02$aUniversity of New Mexico.$bSchool of Law. 712 02$aUnited States-Mexico Law Institute. 906 $aJOURNAL 912 $a996417542403316 920 $aexl_impl conversion 996 $aUnited States-Mexico law journal$92132368 997 $aUNISA